[Event "Quebec op U2300"]
[Site "Montreal CAN"]
[Date "2007.07.23"]
[Round "4"]
[White "Benoit-Deschamps, Jean-Marc"]
[Black "Plante, Michel"]
[Result "1-0"]
[WhiteElo "2101"]
[BlackElo "2005"]
[PlyCount "99"]
[GameId "2160767910576347"]
[EventDate "2007.07.20"]
[EventType "swiss"]
[EventRounds "9"]
[EventCountry "CAN"]

1. d4 g6 2. c4 Bg7 3. Nc3 d6 4. e4 Nc6 5. d5 Nd4 6. Be3 c5 7. dxc6 Nxc6 8. Qd2 Nf6 9. f3 b6 10. Bh6 Bxh6 11. Qxh6 Ba6 12. Nd5 Nxd5 13. cxd5 Bxf1 14. Kxf1 Ne5 15. Ne2 Rc8 16. Qd2 O-O 17. Nd4 Qd7 18. b3 Rc7 19. h3 Qc8 20. f4 Nd7 21. Kf2 Qa6 22. Nc6 Nc5 23. Kf3 f5 24. exf5 Rxf5 25. Rhc1 Qb7 26. g4 Rf8 27. Kg3 Rxc6 28. dxc6 Qxc6 29. Qe3 e5 30. fxe5 dxe5 31. b4 e4 32. Rf1 Qd6+ 33. Kg2 Rf3 34. Rxf3 exf3+ 35. Qxf3 Qd2+ 36. Kh1 Qxb4 37. Rf1 Qe4 38. Qxe4 Nxe4 39. Rc1 Nc5 40. Rf1 Kg7 41. Kg2 a5 42. Rb1 Na4 43. a3 Kf6 44. Rb5 Ke6 45. h4 h6 46. Kf3 Kd6 47. Ke3 Kc6 48. h5 Kd6 49. hxg6 Ke7 50. Rf5 1-0

[Event "Quebec op U2300"]
[Site "Montreal CAN"]
[Date "2007.07.23"]
[Round "4"]
[White "Bolvary, Tamara"]
[Black "MacKinnon, Keith"]
[Result "1/2-1/2"]
[WhiteElo "2023"]
[BlackElo "2026"]
[PlyCount "42"]
[GameId "2160767910576348"]
[EventDate "2007.07.20"]
[EventType "swiss"]
[EventRounds "9"]
[EventCountry "CAN"]

1. c4 Nf6 2. g3 g6 3. Bg2 Bg7 4. Nc3 O-O 5. d3 d6 6. Bg5 Nbd7 7. Qd2 e5 8. h4 c6 9. h5 Nc5 10. hxg6 fxg6 11. Nf3 Qa5 12. O-O-O Qc7 13. Rh4 a5 14. Rdh1 Rf7 15. Be3 Ne6 16. Ne4 Nxe4 17. dxe4 Bf8 18. Bh3 Be7 19. Rh6 Bf8 20. Rh4 Be7 21. Rh6 Bf8 1/2-1/2

[Event "Quebec op U2300"]
[Site "Montreal CAN"]
[Date "2007.07.23"]
[Round "4"]
[White "Caire, Francois"]
[Black "Valley, Michel"]
[Result "1/2-1/2"]
[WhiteElo "2275"]
[BlackElo "2042"]
[PlyCount "35"]
[GameId "2160767910576350"]
[EventDate "2007.07.20"]
[EventType "swiss"]
[EventRounds "9"]
[EventCountry "CAN"]

1. d4 Nf6 2. c4 g6 3. Nc3 Bg7 4. e4 d6 5. Bg5 O-O 6. Qd2 c5 7. d5 e6 8. dxe6 Bxe6 9. Nf3 a6 10. Rd1 Qa5 11. Nd5 Qxd2+ 12. Nxd2 Bxd5 13. exd5 Re8+ 14. Be2 Nbd7 15. Bf4 Ne5 16. O-O Re7 17. Bxe5 Rxe5 18. Bd3 1/2-1/2

[Event "Quebec op U2300"]
[Site "Montreal CAN"]
[Date "2007.07.23"]
[Round "4"]
[White "Hagesaether, Arne"]
[Black "Malette, Martin"]
[Result "1-0"]
[WhiteElo "2148"]
[BlackElo "2027"]
[PlyCount "201"]
[GameId "2160767910576351"]
[EventDate "2007.07.20"]
[EventType "swiss"]
[EventRounds "9"]
[EventCountry "CAN"]

1. e4 e5 2. Nf3 Nc6 3. Bb5 a6 4. Ba4 Nf6 5. O-O Nxe4 6. Re1 Nc5 7. Bxc6 dxc6 8. d4 Ne6 9. Nxe5 Be7 10. c3 O-O 11. Be3 f6 12. Nd3 Qd5 13. Nd2 c5 14. c4 Qf5 15. Nf3 cxd4 16. Nxd4 Nxd4 17. Bxd4 Rf7 18. Qb3 c5 19. Be3 Bf8 20. Rad1 b5 21. Nf4 Bb7 22. cxb5 axb5 23. Qxb5 Rxa2 24. Qb3 Ra8 25. Qe6 Qxe6 26. Nxe6 Rc8 27. Nxf8 Rfxf8 28. Rd7 Rf7 29. Red1 Be4 30. f3 Bf5 31. Rd8+ Rf8 32. R8d5 Rfe8 33. Kf2 Re5 34. Rxe5 fxe5 35. Rd5 Rb8 36. Bc1 c4 37. Rxe5 Bg6 38. Re7 Re8 39. Rc7 Bd3 40. Be3 Rd8 41. g4 Rd5 42. h4 h5 43. Kg3 g6 44. Bg5 hxg4 45. fxg4 Kf8 46. Bf6 Ke8 47. Kf4 Rd7 48. Rc5 Kf7 49. Kg5 Ke6 50. Bc3 Kf7 51. Rc6 Rd5+ 52. Kh6 Rd7 53. Rf6+ Kg8 54. Bb4 Rh7+ 55. Kg5 Rb7 56. Bc3 Kh7 57. Rf8 Rb5+ 58. Kf4 g5+ 59. hxg5 Rd5 60. Rf7+ Kg8 61. Rc7 Rd6 62. Bf6 Re6 63. Be5 Kf8 64. Rc5 Kf7 65. Kg3 Re7 66. Bd4 Rd7 67. Bf6 Bf1 68. Bc3 Bd3 69. Rc6 Re7 70. g6+ Bxg6 71. Rxc4 Bd3 72. Rc6 Re4 73. g5 Ra4 74. g6+ Ke8 75. g7 Ra8 76. Rb6 Kd7 77. Kf4 Re8 78. Rb4 Bb1 79. Kg5 Ba2 80. Rb6 Re2 81. Rb7+ Kc8 82. Ra7 Rg2+ 83. Kf6 Bb3 84. Bd4 Bd5 85. b4 Kb8 86. Re7 Rg4 87. Ke5 Bc4 88. Be3 Bb3 89. Bf4 Kc8 90. Kf5 Rg2 91. Bg5 Rb2 92. Re8+ Kd7 93. Rb8 Ba2 94. b5 Be6+ 95. Kg6 Ba2 96. b6 Kc6 97. Be3 Rg2+ 98. Kf6 Re2 99. Re8 Bb3 100. Re7 Rb2 101. Rc7+ 1-0

[Event "Quebec op U2300"]
[Site "Montreal CAN"]
[Date "2007.07.23"]
[Round "4"]
[White "Hajiyev, Elshad"]
[Black "Beaudry, Marc-Andre"]
[Result "1-0"]
[WhiteElo "2050"]
[BlackElo "2055"]
[PlyCount "139"]
[GameId "2160767910576352"]
[EventDate "2007.07.20"]
[EventType "swiss"]
[EventRounds "9"]
[EventCountry "CAN"]

1. d4 Nf6 2. Nf3 g6 3. c4 Bg7 4. Nc3 d5 5. cxd5 Nxd5 6. e4 Nxc3 7. bxc3 c5 8. Be3 O-O 9. Be2 Nc6 10. O-O cxd4 11. cxd4 Bg4 12. d5 Ne5 13. Nxe5 Bxe2 14. Qxe2 Bxe5 15. Rab1 Qd7 16. Bh6 Rfc8 17. f4 Bd4+ 18. Kh1 Rc7 19. f5 Be5 20. fxg6 hxg6 21. Qf3 f6 22. Bf4 Qd6 23. Qg3 Kg7 24. Bxe5 Qxe5 25. Qxe5 fxe5 26. Rf2 Rf8 27. Rxf8 Kxf8 28. h3 b6 29. Rb2 Rc4 30. Re2 Ra4 31. Kh2 Ra3 32. g3 Kg7 33. h4 b5 34. Kh3 a5 35. Kg4 b4 36. h5 Rd3 37. hxg6 Kxg6 38. Rc2 Re3 39. Rc6+ Kf7 40. Rc4 Ra3 41. Rc2 Rc3 42. Rd2 Kf6 43. d6 exd6 44. Rxd6+ Kf7 45. Rd5 Ra3 46. Rxe5 Rxa2 47. Rb5 Ra3 48. Kf5 Rf3+ 49. Kg4 Ra3 50. Kf5 b3 51. e5 Ke7 52. g4 a4 53. Rb7+ Kd8 54. Rb8+ Kc7 55. e6 Ra1 56. Rb4 Rf1+ 57. Ke5 Re1+ 58. Kf6 a3 59. Rxb3 a2 60. Rc3+ Kd8 61. e7+ Ke8 62. Rc8+ Kd7 63. Rd8+ Kc7 64. Ra8 Kd7 65. e8=Q+ Rxe8 66. Rxa2 Re6+ 67. Kf5 Re1 68. Rf2 Ke7 69. Kg6 Rh1 70. g5 1-0

[Event "Quebec op U2300"]
[Site "Montreal CAN"]
[Date "2007.07.23"]
[Round "4"]
[White "Houska, Jiri"]
[Black "Libersan, Thierry"]
[Result "1/2-1/2"]
[WhiteElo "2041"]
[BlackElo "2166"]
[PlyCount "106"]
[GameId "2160767910576353"]
[EventDate "2007.07.20"]
[EventType "swiss"]
[EventRounds "9"]
[EventCountry "CAN"]

1. e4 c5 2. Nf3 d6 3. d4 cxd4 4. Nxd4 Nf6 5. Nc3 a6 6. Be3 Ng4 7. Bg5 h6 8. Bh4 g5 9. Bg3 Bg7 10. h3 Ne5 11. Nf5 Bxf5 12. exf5 Nbd7 13. Nd5 Rc8 14. Be2 Nc4 15. Bxc4 Rxc4 16. O-O Rd4 17. Qf3 O-O 18. c3 Rd2 19. Rfe1 Ne5 20. Bxe5 Bxe5 21. f6 exf6 22. Ne3 Rxb2 23. Qh5 Qb6 24. Ng4 f5 25. Nxh6+ Kg7 26. Nxf5+ Kf6 27. Ne3 Qc5 28. Rad1 Rg8 29. Qf3+ Kg7 30. Ng4 Re8 31. Rd5 Qc4 32. Nxe5 Rxe5 33. Rdxe5 dxe5 34. Rxe5 Rb1+ 35. Kh2 f6 36. Re7+ Kg6 37. Rxb7 Rxb7 38. Qxb7 Qf4+ 39. Kg1 Qc1+ 40. Kh2 Qf4+ 41. g3 Qxf2+ 42. Qg2 Qc5 43. Qc2+ Kg7 44. c4 a5 45. Kg2 Qc6+ 46. Kg1 Qc5+ 47. Kf1 Qc6 48. c5 Qh1+ 49. Ke2 Qg2+ 50. Kd1 Qf1+ 51. Kd2 Qf2+ 52. Kc1 Qe1+ 53. Kb2 Qb4+ 1/2-1/2

[Event "Quebec op U2300"]
[Site "Montreal CAN"]
[Date "2007.07.23"]
[Round "4"]
[White "Kayembe, Doris"]
[Black "Gilman, Arkadiy"]
[Result "1/2-1/2"]
[WhiteElo "1884"]
[BlackElo "2068"]
[PlyCount "44"]
[GameId "2160767910576354"]
[EventDate "2007.07.20"]
[EventType "swiss"]
[EventRounds "9"]
[EventCountry "CAN"]

1. e4 e6 2. d4 d5 3. Nc3 Nf6 4. e5 Nfd7 5. f4 c5 6. Nf3 Nc6 7. Be3 cxd4 8. Nxd4 Bc5 9. Qd2 O-O 10. O-O-O a6 11. h4 Nxd4 12. Bxd4 b5 13. h5 b4 14. Na4 Bxd4 15. Qxd4 Qa5 16. b3 Bb7 17. Bd3 Bc6 18. f5 Bxa4 19. f6 Qc5 20. Qf4 Qc3 21. Qg5 Qa1+ 22. Kd2 Qc3+ 1/2-1/2

[Event "Quebec op U2300"]
[Site "Montreal CAN"]
[Date "2007.07.23"]
[Round "4"]
[White "Le Duin, Thierry"]
[Black "Luksza, Arkadiusz"]
[Result "1-0"]
[WhiteElo "2046"]
[BlackElo "2239"]
[PlyCount "75"]
[GameId "2160767910576356"]
[EventDate "2007.07.20"]
[EventType "swiss"]
[EventRounds "9"]
[EventCountry "CAN"]

1. d4 e6 2. Nf3 Nf6 3. Bg5 d5 4. e3 Be7 5. Nbd2 O-O 6. Bd3 c5 7. c3 b6 8. Ne5 h6 9. h4 Bb7 10. f4 Nbd7 11. Qf3 Ne4 12. Bxe7 Nxd2 13. Bxd8 Nxf3+ 14. Nxf3 Raxd8 15. g4 f6 16. Bb5 Nb8 17. g5 Kf7 18. Kd2 Nc6 19. Rhg1 Na5 20. b3 a6 21. Be2 Nc6 22. Rg3 Ne7 23. Bd3 hxg5 24. hxg5 Rh8 25. Rag1 Rdg8 26. a3 Nc8 27. b4 c4 28. Bh7 Nd6 29. Bxg8+ Rxg8 30. R3g2 Ne4+ 31. Kc2 Bc6 32. gxf6 Ba4+ 33. Kb2 Kxf6 34. Rg6+ Kf7 35. Ne5+ Kf8 36. Rxe6 g5 37. Rxb6 Ke8 38. Rb8+ 1-0

[Event "Quebec op U2300"]
[Site "Montreal CAN"]
[Date "2007.07.23"]
[Round "4"]
[White "Malveau, Cedric"]
[Black "Filiatrault, Alexandre"]
[Result "1-0"]
[WhiteElo "1982"]
[BlackElo "1854"]
[PlyCount "119"]
[GameId "2160767910576357"]
[EventDate "2007.07.20"]
[EventType "swiss"]
[EventRounds "9"]
[EventCountry "CAN"]

1. d4 Nf6 2. Nf3 g6 3. c4 Bg7 4. Nc3 O-O 5. e4 d6 6. Be2 e5 7. dxe5 dxe5 8. Qxd8 Rxd8 9. Bg5 Re8 10. O-O-O c6 11. Nxe5 Nxe4 12. Nxe4 Bxe5 13. Rhe1 Na6 14. Nd6 Bxd6 15. Rxd6 Nc5 16. Be3 Ne4 17. Rdd1 Be6 18. Rd4 f5 19. f3 c5 20. Rdd1 Nf6 21. Bxc5 Rec8 22. Bd4 Bxc4 23. Kb1 Kf7 24. Bxc4+ Rxc4 25. Bxf6 Kxf6 26. Rd7 Rac8 27. Rxb7 Rc2 28. Rg1 h5 29. Rxa7 Rf2 30. Rb7 Rcc2 31. f4 Ke6 32. Rb4 h4 33. g4 Rxh2 34. gxf5+ Kxf5 35. Rg5+ Kf6 36. Rb6+ Kf7 37. Rb7+ Kf6 38. Rb6+ Kf7 39. Rgxg6 Rcf2 40. Rgf6+ Ke7 41. Rfe6+ Kf7 42. Rec6 Rh1+ 43. Rc1 Rxc1+ 44. Kxc1 Rxf4 45. Kd2 h3 46. Rh6 Rf2+ 47. Kc3 h2 48. a4 Ke7 49. a5 Kd7 50. b4 Kc8 51. Rh7 Kb8 52. Kc4 Rf4+ 53. Kb5 Rf5+ 54. Ka4 Rf2 55. a6 Ra2+ 56. Kb5 Rg2 57. Kb6 Rg6+ 58. Ka5 Rg5+ 59. b5 Ka8 60. Rxh2 1-0

[Event "Quebec op U2300"]
[Site "Montreal CAN"]
[Date "2007.07.23"]
[Round "4"]
[White "Ramaswamy, Kishor"]
[Black "Voloaca, Mihnea"]
[Result "1/2-1/2"]
[WhiteElo "2129"]
[BlackElo "2267"]
[PlyCount "134"]
[GameId "2160767910576358"]
[EventDate "2007.07.20"]
[EventType "swiss"]
[EventRounds "9"]
[EventCountry "CAN"]

1. d4 Nf6 2. Nf3 g6 3. Bg5 Bg7 4. Nbd2 d5 5. e3 O-O 6. b4 Nbd7 7. Be2 Re8 8. O-O e5 9. dxe5 Nxe5 10. Nxe5 Rxe5 11. Nf3 Re8 12. Nd4 h6 13. Bxf6 Bxf6 14. c3 h5 15. Bf3 c6 16. Qe2 Qd6 17. Rfd1 a5 18. Qd2 axb4 19. cxb4 Ra3 20. Qb2 Ra4 21. a3 Bd7 22. Rd3 Be5 23. h3 b6 24. Qb3 Rea8 25. Ra2 R8a7 26. Bd1 c5 27. bxc5 bxc5 28. Nb5 c4 29. Nxd6 cxb3 30. Bxb3 Rxa3 31. Nxf7 Rxa2 32. Bxa2 Bc7 33. Nh6+ Kg7 34. Rxd5 Kxh6 35. Rxd7 Bh2+ 36. Kxh2 Rxd7 37. Bc4 h4 38. g3 Rd2 39. Kg2 Kg5 40. Kf3 hxg3 41. Kxg3 Kf5 42. h4 Kf6 43. Ba6 Ra2 44. Bb7 Rb2 45. Bd5 Rd2 46. e4 Rd1 47. Kf4 Re1 48. Bc6 Re2 49. f3 Re1 50. Bd7 Rh1 51. e5+ Kg7 52. Kg5 Rg1+ 53. Bg4 Re1 54. f4 Re4 55. h5 gxh5 56. Bxh5 Kf8 57. Bg6 Ra4 58. Bh5 Re4 59. Bf3 Re3 60. Bg4 Ke7 61. Kf5 Re1 62. Bf3 Re3 63. Bd5 Re1 64. Bc4 Re3 65. Bd5 Re1 66. Be4 Re3 67. e6 Rxe4 1/2-1/2

[Event "Quebec op U2300"]
[Site "Montreal CAN"]
[Date "2007.07.23"]
[Round "4"]
[White "Robidas, Francois"]
[Black "Voskanyan, Vahagn"]
[Result "1/2-1/2"]
[WhiteElo "1996"]
[BlackElo "2278"]
[PlyCount "135"]
[GameId "2160767910576359"]
[EventDate "2007.07.20"]
[EventType "swiss"]
[EventRounds "9"]
[EventCountry "CAN"]

1. e4 c6 2. d4 d5 3. Nc3 dxe4 4. Nxe4 Nf6 5. Nxf6+ exf6 6. Nf3 Bd6 7. c3 O-O 8. Be3 Bg4 9. h3 Bh5 10. g4 Bg6 11. Bd3 Re8 12. Bxg6 hxg6 13. Qb3 b5 14. O-O-O a5 15. h4 Qc8 16. g5 Qf5 17. Ne1 Nd7 18. Nd3 Nb6 19. h5 a4 20. Qc2 fxg5 21. hxg6 Qxg6 22. Rdg1 f6 23. Kb1 Nd5 24. Bc1 Kf7 25. c4 Nf4 26. Bxf4 Bxf4 27. cxb5 cxb5 28. Nxf4 Qxc2+ 29. Kxc2 gxf4 30. Rh7 Rg8 31. Kd3 f5 32. d5 Kf6 33. Re1 Rge8 34. Rhh1 Re5 35. Kd4 Rae8 36. Rxe5 Rxe5 37. Kc5 Re2 38. d6 Ke6 39. Rd1 Kd7 40. b4 Rxf2 41. Rg1 f3 42. Rxg7+ Ke6 43. Re7+ Kf6 44. Re3 Rc2+ 45. Kxb5 f2 46. Rf3 a3 47. d7 Ke7 48. Rxf5 Kxd7 49. Ka4 Ke6 50. Rf8 Rxa2 51. Kb3 Re2 52. Kxa3 Kd5 53. Kb3 Ke4 54. Kc4 Rd2 55. Re8+ Kf4 56. Rf8+ Ke3 57. Re8+ Kf3 58. Rf8+ Ke2 59. b5 Rd1 60. b6 f1=Q 61. Rxf1 Rxf1 62. Kc5 Kd3 63. b7 Rf8 64. Kc6 Kc4 65. Kc7 Kc5 66. b8=Q Rf7+ 67. Kd8 Rf8+ 68. Kc7 1/2-1/2

[Event "Quebec op U2300"]
[Site "Montreal CAN"]
[Date "2007.07.24"]
[Round "4"]
[White "Audet-Bouchard, Nicolas"]
[Black "Ghannoum, Antoine"]
[Result "1-0"]
[WhiteElo "2245"]
[BlackElo "1515"]
[PlyCount "75"]
[GameId "2160767910576360"]
[EventDate "2007.07.20"]
[EventType "swiss"]
[EventRounds "9"]
[EventCountry "CAN"]

1. e4 c5 2. Nf3 d6 3. d4 cxd4 4. Nxd4 Nf6 5. Nc3 a6 6. Be3 e6 7. f3 Nbd7 8. Qd2 Qc7 9. g4 b5 10. g5 Nh5 11. O-O-O g6 12. Kb1 Rb8 13. f4 Nc5 14. Bg2 b4 15. Nce2 Bb7 16. Nb3 Nxe4 17. Qxb4 Bc6 18. Qc4 d5 19. Qxa6 Bb5 20. Qa7 Qxa7 21. Bxa7 Rb7 22. Bd4 Rg8 23. Ng3 Nexg3 24. hxg3 Nxg3 25. Rxh7 Bd6 26. Re1 Ne2 27. Be5 Bb4 28. c3 Be7 29. Rh3 Kd7 30. Re3 Ra8 31. R1xe2 Rba7 32. Nc1 Bc4 33. b3 Bb5 34. c4 Bc6 35. cxd5 exd5 36. Bb2 Bc5 37. Re5 Rd8 38. Rd2 1-0

[Event "Quebec op U2300"]
[Site "Montreal CAN"]
[Date "2007.07.24"]
[Round "5"]
[White "Campbell, Martin-Alexandre"]
[Black "Bolvary, Tamara"]
[Result "0-1"]
[WhiteElo "1829"]
[BlackElo "2023"]
[PlyCount "66"]
[GameId "2160767910576362"]
[EventDate "2007.07.20"]
[EventType "swiss"]
[EventRounds "9"]
[EventCountry "CAN"]
[SourceTitle "EXT 2022"]
[Source "ChessBase"]
[SourceDate "2021.10.06"]
[SourceVersion "1"]
[SourceVersionDate "2021.10.06"]
[SourceQuality "1"]

1. e4 c5 2. Nf3 e6 3. d4 cxd4 4. Nxd4 a6 5. Nc3 b5 6. a3 Bb7 7. Be2 Qc7 8. O-O Nf6 9. f3 Be7 10. Be3 d6 11. Qd3 Nbd7 12. Nb3 Rc8 13. f4 d5 14. exd5 Nxd5 15. Nxd5 Bxd5 16. Kh1 O-O 17. Rac1 Nf6 18. Bd4 Rfd8 19. Qe3 Nd7 20. Bf3 Bxf3 21. Rxf3 Bf6 22. c3 Qc4 23. Na5 Bxd4 24. Nxc4 Bxe3 25. Nxe3 Nc5 26. Rd1 Rxd1+ 27. Nxd1 Rd8 28. Ne3 Rd2 29. b4 Ne4 30. Nf1 Ra2 31. f5 Rxa3 32. fxe6 fxe6 33. Re3 Ra1 0-1

[Event "Quebec op U2300"]
[Site "Montreal CAN"]
[Date "2007.07.24"]
[Round "5"]
[White "Drolet, Stephane"]
[Black "Falardeau, Bruno"]
[Result "1-0"]
[WhiteElo "2149"]
[BlackElo "2049"]
[PlyCount "51"]
[GameId "2160767910576364"]
[EventDate "2007.07.20"]
[EventType "swiss"]
[EventRounds "9"]
[EventCountry "CAN"]
[SourceTitle "EXT 2022"]
[Source "ChessBase"]
[SourceDate "2021.10.06"]
[SourceVersion "1"]
[SourceVersionDate "2021.10.06"]
[SourceQuality "1"]

1. Nf3 d5 2. d4 Nf6 3. g3 Bf5 4. Bg2 e6 5. c4 c6 6. Nbd2 Nbd7 7. b3 Bb4 8. Bb2 dxc4 9. bxc4 Ne4 10. O-O Nc3 11. Qe1 Na4 12. Qc1 Qb6 13. Nb3 Nf6 14. Nfd2 O-O 15. Ba3 Nc3 16. Re1 a5 17. e4 Bg6 18. Re3 Na4 19. c5 Bxa3 20. Qxa3 Qb4 21. Qc1 e5 22. a3 Qb5 23. Bf1 exd4 24. Bxb5 dxe3 25. Bxa4 exd2 26. Nxd2 1-0

[Event "Quebec op U2300"]
[Site "Montreal CAN"]
[Date "2007.07.24"]
[Round "5"]
[White "Ghannoum, Antoine"]
[Black "Filiatrault, Alexandre"]
[Result "1-0"]
[WhiteElo "1515"]
[BlackElo "1854"]
[PlyCount "61"]
[GameId "2160767910576365"]
[EventDate "2007.07.20"]
[EventType "swiss"]
[EventRounds "9"]
[EventCountry "CAN"]
[SourceTitle "EXT 2022"]
[Source "ChessBase"]
[SourceDate "2021.10.06"]
[SourceVersion "1"]
[SourceVersionDate "2021.10.06"]
[SourceQuality "1"]

1. Nf3 Nf6 2. d4 g6 3. g3 Bg7 4. Bg2 c5 5. c4 O-O 6. O-O cxd4 7. Nxd4 Nc6 8. Nc3 Qb6 9. Nb3 d6 10. Nd5 Nxd5 11. cxd5 Ne5 12. Be3 Qa6 13. Bd4 Bg4 14. f3 Bd7 15. Re1 Ba4 16. Kh1 Qb5 17. Bc3 Bxb3 18. axb3 Rfc8 19. Ra4 Rc7 20. Bh3 f5 21. e4 Nd3 22. Qe2 Bxc3 23. bxc3 Rxc3 24. Rd4 Qxb3 25. exf5 Rac8 26. fxg6 Ne5 27. gxh7+ Kh8 28. Bxc8 Rc2 29. Qe3 Rc3 30. Qg5 Rxf3 31. Qg8# 1-0

[Event "Quebec op U2300"]
[Site "Montreal CAN"]
[Date "2007.07.24"]
[Round "5"]
[White "Ibrahim, Anthony"]
[Black "Larochelle, Martial"]
[Result "0-1"]
[WhiteElo "2176"]
[BlackElo "2231"]
[PlyCount "76"]
[GameId "2160767910576366"]
[EventDate "2007.07.20"]
[EventType "swiss"]
[EventRounds "9"]
[EventCountry "CAN"]
[SourceTitle "EXT 2022"]
[Source "ChessBase"]
[SourceDate "2021.10.06"]
[SourceVersion "1"]
[SourceVersionDate "2021.10.06"]
[SourceQuality "1"]

1. e4 c5 2. Nf3 d6 3. d4 cxd4 4. Nxd4 Nf6 5. Nc3 a6 6. Be3 e5 7. Nb3 Be6 8. f3 Be7 9. Qd2 Nbd7 10. g4 O-O 11. g5 Nh5 12. O-O-O b5 13. Rg1 b4 14. Nd5 Bxd5 15. Qxd5 a5 16. Kb1 a4 17. Nd2 Ra5 18. Qb7 b3 19. cxb3 Nc5 20. Bxc5 Rxc5 21. bxa4 Bxg5 22. Nb3 Rc7 23. Qa6 Be3 24. Rh1 Qf6 25. Be2 Rd8 26. Rd3 Bd4 27. Nxd4 exd4 28. Rhd1 Nf4 29. Rxd4 h6 30. Bc4 Rdc8 31. b3 Rc6 32. Qb5 Qh4 33. Qf5 Qxh2 34. Qxf7+ Kh8 35. e5 Ne2 36. R4d3 Rxc4 37. bxc4 Rb8+ 38. Rb3 Nc3+ 0-1

[Event "Quebec op U2300"]
[Site "Montreal CAN"]
[Date "2007.07.24"]
[Round "5"]
[White "Lemieux, Pierre"]
[Black "Benoit-Deschamps, Jean-Marc"]
[Result "1-0"]
[WhiteElo "1727"]
[BlackElo "2151"]
[PlyCount "127"]
[GameId "2160767910576367"]
[EventDate "2007.07.20"]
[EventType "swiss"]
[EventRounds "9"]
[EventCountry "CAN"]
[SourceTitle "EXT 2022"]
[Source "ChessBase"]
[SourceDate "2021.10.06"]
[SourceVersion "1"]
[SourceVersionDate "2021.10.06"]
[SourceQuality "1"]

1. d4 Nf6 2. Nf3 c5 3. c3 b6 4. Bf4 Bb7 5. e3 g6 6. h3 Bg7 7. Nbd2 O-O 8. Be2 d6 9. O-O Nbd7 10. Bh2 Rc8 11. Re1 a6 12. a4 Ne8 13. Bd3 Nc7 14. Qe2 Rb8 15. e4 e5 16. dxe5 dxe5 17. Red1 Qe7 18. Bg3 h6 19. Nf1 Rfd8 20. Ne3 b5 21. c4 bxa4 22. Rxa4 Bc6 23. Ra2 Rb6 24. Nd5 Bxd5 25. cxd5 Nb5 26. Bxb5 axb5 27. Ra7 Qd6 28. Nd2 c4 29. Rda1 Nc5 30. f3 Rdb8 31. Bf2 R6b7 32. Bxc5 Qxc5+ 33. Qf2 Bf8 34. Rxb7 Qxf2+ 35. Kxf2 Bc5+ 36. Ke2 Rxb7 37. Ra8+ Kg7 38. Kd1 Bd4 39. Kc2 Kf6 40. Ra6+ Kg5 41. g3 Rb6 42. Rxb6 Bxb6 43. b3 cxb3+ 44. Kxb3 Bf2 45. Nf1 Be1 46. Kc2 h5 47. Kd1 Ba5 48. h4+ Kf6 49. Ke2 Ke7 50. g4 Kd6 51. gxh5 gxh5 52. Ng3 Bd8 53. Nxh5 Bxh4 54. Ng7 Kc5 55. Nf5 Bf6 56. Kd3 Kb4 57. Kc2 Ka3 58. Kb1 Kb3 59. Nd6 Kc3 60. Nxb5+ Kd3 61. Nd6 Ke3 62. Kc2 Kxf3 63. Kd3 Kf4 64. Nxf7 1-0

[Event "Quebec op U2300"]
[Site "Montreal CAN"]
[Date "2007.07.24"]
[Round "5"]
[White "Malette, Martin"]
[Black "Malveau, Cedric"]
[Result "1/2-1/2"]
[WhiteElo "2027"]
[BlackElo "1982"]
[PlyCount "88"]
[GameId "2160767910576368"]
[EventDate "2007.07.20"]
[EventType "swiss"]
[EventRounds "9"]
[EventCountry "CAN"]
[SourceTitle "EXT 2022"]
[Source "ChessBase"]
[SourceDate "2021.10.06"]
[SourceVersion "1"]
[SourceVersionDate "2021.10.06"]
[SourceQuality "1"]

1. d4 Nf6 2. c4 e6 3. Nc3 Bb4 4. Bg5 h6 5. Bh4 c5 6. d5 d6 7. e3 Bxc3+ 8. bxc3 g5 9. Bg3 e5 10. Bd3 Qe7 11. f3 Nbd7 12. Ne2 Nf8 13. O-O Nh5 14. Qc2 Nf6 15. Bf5 Kd8 16. f4 e4 17. fxg5 hxg5 18. Bxc8 Kxc8 19. Nd4 cxd4 20. cxd4 Kd8 21. c5 dxc5 22. d6 Qe6 23. Rxf6 Qxf6 24. Be5 Qe6 25. Bxh8 cxd4 26. Qc7+ Ke8 27. Qxb7 Rd8 28. Qb5+ Qd7 29. Qxg5 Qxd6 30. Bxd4 Ne6 31. Qg8+ Ke7 32. Qg3 Qxg3 33. hxg3 Nxd4 34. exd4 Rxd4 35. Rb1 Ke6 36. Rb5 Rd5 37. Rb4 Re5 38. Kf2 e3+ 39. Ke2 a5 40. Rb3 Kf5 41. a4 Kg4 42. Rb5 Re4 43. Rxa5 Kxg3 44. Rf5 Rxa4 1/2-1/2

[Event "Quebec op U2300"]
[Site "Montreal CAN"]
[Date "2007.07.24"]
[Round "5"]
[White "Regnier, Alain"]
[Black "Caire, Francois"]
[Result "1/2-1/2"]
[WhiteElo "2102"]
[BlackElo "2275"]
[PlyCount "49"]
[GameId "2160767910576369"]
[EventDate "2007.07.20"]
[EventType "swiss"]
[EventRounds "9"]
[EventCountry "CAN"]
[SourceTitle "EXT 2022"]
[Source "ChessBase"]
[SourceDate "2021.10.06"]
[SourceVersion "1"]
[SourceVersionDate "2021.10.06"]
[SourceQuality "1"]

1. e4 c5 2. g3 d5 3. Nc3 dxe4 4. Nxe4 e6 5. Bg2 Be7 6. d3 Nf6 7. Be3 Nbd7 8. Nf3 O-O 9. O-O Nxe4 10. dxe4 Qc7 11. a4 Rd8 12. a5 e5 13. Qe2 Nb8 14. c3 Nc6 15. Rfd1 Rxd1+ 16. Qxd1 Nxa5 17. Nxe5 Qxe5 18. Rxa5 Qc7 19. Ra1 Be6 20. Qa4 a6 21. e5 Rd8 22. c4 Qxe5 23. Bxb7 Qxb2 24. Bxa6 Bh3 25. Rd1 1/2-1/2

[Event "Quebec op U2300"]
[Site "Montreal CAN"]
[Date "2007.07.24"]
[Round "5"]
[White "Robidas, Francois"]
[Black "Arsenault, Nicolas"]
[Result "1/2-1/2"]
[WhiteElo "1996"]
[BlackElo "2121"]
[PlyCount "82"]
[GameId "2160767910576370"]
[EventDate "2007.07.20"]
[EventType "swiss"]
[EventRounds "9"]
[EventCountry "CAN"]
[SourceTitle "EXT 2022"]
[Source "ChessBase"]
[SourceDate "2021.10.06"]
[SourceVersion "1"]
[SourceVersionDate "2021.10.06"]
[SourceQuality "1"]

1. e4 e6 2. d4 d5 3. e5 c5 4. c3 Nc6 5. Nf3 Bd7 6. dxc5 Bxc5 7. b4 Bb6 8. b5 Na5 9. Bd3 Qc7 10. O-O Nc4 11. Bxc4 Qxc4 12. a4 Ne7 13. Ba3 Nf5 14. Bb4 a5 15. Nbd2 Qc7 16. Ba3 Qxc3 17. Qe2 Nd4 18. Nxd4 Qxd4 19. Bd6 Rc8 20. Nb3 Qe4 21. Qd2 f6 22. Rfe1 Qc2 23. Rac1 Qxd2 24. Rxc8+ Bxc8 25. Nxd2 fxe5 26. Rc1 Kd8 27. Bxe5 Rf8 28. Rf1 Bc7 29. Bxg7 Rf7 30. Bc3 e5 31. b6 Bxb6 32. Bxe5 Bd7 33. Nf3 Bxa4 34. Rb1 Bc5 35. Nd4 Bb4 36. f4 Bd7 37. h3 h5 38. Kf2 b5 39. g4 hxg4 40. hxg4 Bc5 41. Kf3 b4 1/2-1/2

[Event "Quebec op U2300"]
[Site "Montreal CAN"]
[Date "2007.07.24"]
[Round "5"]
[White "Tessier, Olivier"]
[Black "Ramaswamy, Kishor"]
[Result "1/2-1/2"]
[WhiteElo "2218"]
[BlackElo "2129"]
[PlyCount "97"]
[GameId "2160767910576371"]
[EventDate "2007.07.20"]
[EventType "swiss"]
[EventRounds "9"]
[EventCountry "CAN"]
[SourceTitle "EXT 2022"]
[Source "ChessBase"]
[SourceDate "2021.10.06"]
[SourceVersion "1"]
[SourceVersionDate "2021.10.06"]
[SourceQuality "1"]

1. d4 d5 2. c4 e6 3. Nc3 Nf6 4. Nf3 Nbd7 5. Bf4 c6 6. e3 Be7 7. h3 O-O 8. Rc1 Re8 9. Qc2 Nf8 10. Bd3 Ng6 11. Bh2 Bd6 12. Ne5 dxc4 13. Bxc4 Nd5 14. e4 Bxe5 15. dxe5 Nb4 16. Qe2 b5 17. a3 bxc4 18. axb4 Ba6 19. O-O Qb6 20. Ra1 Red8 21. Kh1 Rd3 22. f4 Bb7 23. f5 Nf8 24. Qh5 Qc7 25. Na4 Rb3 26. Rad1 Rxb4 27. Nc5 Bc8 28. fxe6 Bxe6 29. Na6 Qb6 30. Nxb4 Qxb4 31. Rf2 c3 32. bxc3 Qxc3 33. Rfd2 Bb3 34. Rd8 Bxd1 35. Qxd1 Rxd8 36. Qxd8 Qa1+ 37. Bg1 a5 38. Qe8 h6 39. Kh2 Qc3 40. Bb6 a4 41. Bc7 a3 42. Bd6 a2 43. Qxf8+ Kh7 44. Qxf7 a1=Q 45. Qf5+ Kh8 46. Qc8+ Kh7 47. Qf5+ Kh8 48. Qc8+ Kh7 49. Qf5+ 1/2-1/2